Etelä-Amerikan maantiede #2 - Statistics

Yleistilastot
  • Tätä visaa on pelattu 406 kertaa
  • Keskiarvotulos 10 / 20
Vastaustilastot
Kysymys Vastaus % Oikein
Mitkä ovat Etelä-Amerikan kaksi sisämaavaltiota? Paraguay
96%
Mitkä ovat Etelä-Amerikan kaksi sisämaavaltiota? Bolivia
94%
Mikä asia on sekä Argentiinan että Uruguayn lipuissa? Toukokuun aurinko
78%
Mikä Ranskalle kuuluva alue sijaitsee Etelä-Amerikassa? Ranskan Guayana
68%
Mikä Etelä-Amerikan pääkaupunki alkaa kirjaimella Q? Quito
65%
Mikä yli 2,5 miljoonan asukkaan kaupunki perustettiin vasta vuonna 1960? Brasília
62%
Mikä on Etelä-Amerikan väkirikkain kaupunki? São Paulo
62%
Mikä Ecuadorille kuuluva saaristo tunnetaan siitä, että Charles Darwin vieraili siellä? Galápagos
61%
Mikä meri sijaitsee Kolumbian ja Venezuelan pohjoispuolella? Karibianmeri
60%
Mikä on Kolumbian tärkein maatalouden vientituote? Kahvi
59%
Minkä Chilelle kuuluvan saaren eurooppalaiset löysivät sunnuntaina 5. huhtikuuta 1722? Pääsiäissaari
52%
Mikä on Tulimaan eteläisimmän kohdan nimi? Kap {Horn}
47%
Mitä akuissa tarvittavaa ainesosaa Chile tuottaa eniten? Litium
46%
Mikä alue koostuu Argentiinan ja Chilen eteläosista? Patagonia
35%
Mikä on Brasilian valuutta? Brasilian real
32%
Mikä on vain Etelä-Amerikassa tavattava maailman suurin jyrsijälaji? Kapybara
32%
Mitkä valtavat vesiputoukset sijaitsevat Argentiinan ja Brasilian välisellä rajalla? Iguassun putoukset
22%
Missä kaupungissa sijaitseva keskeneräinen pilvenpiirtäjä "Daavidin torni" oli noin 2500 talonvaltaajan koti vuoteen 2015 asti? Caracas
20%
Mikä Perussa sijaitseva kaupunki oli Inkavaltakunnan pääkaupunki? Cusco
19%
Mikä kirjaimella R alkava kaupunki on Etelä-Amerikan itäisin suurkaupunki? Recife
18%
Ehtoja vastaavia visoja ei löytynyt
Tulosjakauma
Jokaisen tuloksen saaneiden osuus
Persentiili vastausten määrän mukaan
Tuloshistoriasi
Et ole pelannut tätä visaa